| 000 | 01008nam a22002771 4500 | ||
|---|---|---|---|
| 001 | bimo0001012622 | ||
| 003 | OSt | ||
| 005 | 20140822213003.0 | ||
| 008 | 920725s1993 sp spa | ||
| 020 | _a968-426-603-0 | ||
| 040 | _cBMC | ||
| 082 | _a613.0432 | ||
| 082 | _a155.43 | ||
| 100 | 1 |
_924215 _aIllingworth, Ronald S. _d1909-1990 |
|
| 245 | 1 | 3 |
_aEl niño normal _b: problemas de los primeros años de vida y su tratamiento _cRonald S. Illingworth ; prólogo por Víctor Dubowitz ; traducción Eliane Cazenave, Ana Mª Ocaña |
| 250 | _a4ª ed | ||
| 260 |
_aMéxico, D.F. ; Santafé de Bogotá _bEl Manual Moderno _c1969 |
||
| 300 |
_a[11] h. 473 p. _c23 cm |
||
| 594 | _1Traducción de la 10ª ed. de: The normal child: some problems of the early years | ||
| 650 | 2 | 4 |
_aNiños _xSalud e higiene _95460 |
| 650 | 2 | 4 |
_aNiños _xPsicología _95035 |
| 700 | 1 |
_aDubowitz, Victor _924216 |
|
| 700 | 1 |
_aCazenave, Eliane _924217 |
|
| 700 | 1 |
_924218 _aOcaña Castaneda, Ana María |
|
| 942 |
_2ddc _cBK |
||
| 999 |
_c13139 _d13139 |
||